000 00308nam a2200109Ia 4500
008 220216s9999 xx 000 0 und d
245 0 _aDamp-proofing buildings with natural rubber latex/siliconate compositions
260 _bPlanter
_c1962
300 _a170-171
650 _aNatural rubber latex
942 _cJS
999 _c56719
_d56719